| 000 | 00506nmm a2200169Ia 4500 | ||
|---|---|---|---|
| 008 | 251105s9999||||xx |||||||||||||||||und|| | ||
| 020 | _a9788482550701 | ||
| 041 |
_aspa _acat |
||
| 100 | _aBadosa, Enrique | ||
| 245 | 0 | _aAntología de Salvador Espriu. Edición bilingüe | |
| 264 |
_a[Madrid, España] : _bLibros de la Frontera, _c2005 |
||
| 300 | _a192 páginas | ||
| 490 | _aEl Bardo. 4ª etapa | ||
| 650 | _aSpanish poetry | ||
| 856 | _uhttps://public.digitaliapublishing.com/a/60416 | ||
| 942 | _cCF | ||
| 999 |
_c86028 _d86028 |
||